000 01430nam a2200337 4500
001 228
003 OSt
005 20250528074015.0
008 250204b |||||||g |||| 00| 1 eng d
020 _a8535613156
040 _bpor
041 _hger
_apor
082 _a833
_bE56h
100 1 _aEnde, Michael,
_d1929-1995.
_9422
240 _aDie unendliche geschichte
245 _aA história sem fim /
_cEnde, Michael ; Tradução de Maria do Carmo Cary e João Azenha Junior
250 _a8° edição
260 _aSão Paulo
_bMartins Fontes
_c2000
300 _a392 p.
520 _a"A História sem Fim" é a mágica aventura de um garoto solitário que passa através das páginas de um livro para um reino muito particular, o reino da fantasia. Nesta terra imaginária, numa busca original e cheia de perigos, Bastian descobre a verdadeira medida de sua própria coragem e aprende também que até ele tem capacidade para amar. O texto impresso em duas cores, verde e vinho, as belas ilustrações das aberturas dos capítulos completam o clima de encantamento que envolve o leitor.
650 0 _aLiteratura Alemã
_9365
650 0 _aFantasia
_945
650 0 _aSeres mágicos
_946
650 0 _aAventura
_947
650 0 _aFilme
_926
655 0 _aRomance
_923
655 0 _aFicção
_922
700 _aMaria do Carmo Cary
_eTradutor
_9423
700 _aJoão Azenha Junior
_eTradutor
_9424
942 _2ddc
_n0
_cBK
999 _c228
_d228